000 01308nam a2200313 a 4500
001 ebr10441096
003 CaPaEBR
006 m u
007 cr cn|||||||||
008 110121s2010 enka s 001 0 eng d
020 _z9781847199065
020 _z9781847199072 (e-book)
040 _aCaPaEBR
_cCaPaEBR
035 _a(OCoLC)704520870
050 1 4 _aLB1029.P67
_bK46 2010eb
100 1 _aKent, Derrin Michael.
245 1 0 _aMahara 1.2 ePortfolios
_h[electronic resource] :
_bbeginner's guide : create and host educational and professional e-portfolios and personalized learning communities /
_cDerrin Michael Kent ...[et al.].
260 _aBirmingham, U.K. :
_bPackt Pub.,
_c2010.
300 _avii, 242 p. :
_bill. (some col.)
500 _aIncludes index.
533 _aElectronic reproduction.
_bPalo Alto, Calif. :
_cebrary,
_d2011.
_nAvailable via World Wide Web.
_nAccess may be limited to ebrary affiliated libraries.
650 0 _aElectronic portfolios in education.
650 0 _aOpen source software.
650 0 _aInternet in education.
650 0 _aWorld Wide Web.
655 7 _aElectronic books.
_2local
710 2 _aebrary, Inc.
856 4 0 _uhttp://site.ebrary.com/lib/rucke/Doc?id=10441096
_zAn electronic book accessible through the World Wide Web; click to view
999 _c135023
_d135023